00603nam a2200217 a 4500001001300000003000900013005001700022008004100039020002300080082001300103100001900116245001500135260003200150300001000182500003500192650001200227902000800239942000700247952011400254999001700368nice12345678IN_TiNIC20260116014142.0131107s2003 dela grp 000 0 eng  a9788129102041c29500a823bHES aHesse, Hermann aSiddhartha aDelhi bRupa and Co. c2003 a121p  aincludes index and biblioraphy aFiction bSRS cBK 001040708StackRoom-aHMIbHMId2013-11-07g295.00l0o823 HESp024193r2013-11-07v295.00w2013-11-07yBK c14106d14106